Представление документа в формате MARC21

Поле Инд. ПП Название Значение
Тип записи a
Библиографический уровень b
001 Контрольный номер RU/IS/BASE/103137291
005 Дата корректировки 20200522190627.0
008 Кодируемые данные 19971127
084 a Индекс другой классификации/Индекс ББК 22.1; 22.16; 22.161; 22.161.5
097 00 a 750
100 10 a Автор Назаренко М. А.
245 00 a Заглавие Существование функции с заданными рациональными приближениями в пространстве CА
504 00 a Библиография Библиогр.: с. 24
600 a Персоналии Бернштейн Сергей Натанович
a Персоналии Долженко Евгений Прокофьевич
a Персоналии Ла Валле Пуссен Шарль Жан
a Персоналии Пекарский Александр Антонович
650 a Основная рубрика математика
a Основная рубрика математический анализ
a Основная рубрика теория функций
653 00 a Ключевые слова банаховы пространства
a Ключевые слова действительнозначные функции
a Ключевые слова действительные числа
a Ключевые слова дробно-линейные функции
a Ключевые слова класс пространств
a Ключевые слова комплекснозначные функции
a Ключевые слова леммы
a Ключевые слова множества
a Ключевые слова натуральные числа
a Ключевые слова неравенства
a Ключевые слова обратная задача
a Ключевые слова полиномиальные степени
a Ключевые слова последовательности
a Ключевые слова рациональные приближения
a Ключевые слова рациональные степени
a Ключевые слова рациональные функции
a Ключевые слова символы
a Ключевые слова система равенства
a Ключевые слова степени
a Ключевые слова теоремы
a Ключевые слова функциональный анализ
a Ключевые слова числа
773 00 t Заглавие источника Вестник Московского университета. Серия 1, Математика. Механика
d Дата издания источника 1997
g Прочая информация № 4. - С. 22 - 24
w Контрольный № источника RU/IS/BASE/103128349
901 t Тип документа b